000 00595nam a22001817a 4500
005 20251108164011.0
008 250721s1980 xx 000 0 ara d
082 1 4 _a320.158/سيد
100 1 _aياسين، السيد
245 1 0 _aتحليل مضمون الفكر القومي العربي :
_bدراسة إستطلاعية /
264 1 _aبيروت :
_bمركز دراسات الوحدة العربية،
_c1980.
300 _a200ص
650 1 7 _aالقومية
650 1 7 _aالقومية العربية
650 1 7 _aالوحدة العربية
942 _2ddc
_cBK
999 _c1120
_d1120